Skywalker Family Members - Statistics

General Stats
  • This quiz has been taken 72 times
  • The average score is 9 of 10
Answer Stats
Relation to Anakin Answer % Correct
Himself Anakin Skywalker/Darth Vader
100%
Son Luke Skywalker
98%
Daughter Leia Organa Solo
96%
Grandson Ben Solo/Kylo Ren
91%
Son-In-Law Han Solo
91%
Stepbrother Owen Lars
89%
Wife Padme Amidala Skywalker
89%
Mother Shmi Skywalker
89%
Stepsister-in-Law Beru Lars
77%
Stepfather Cliegg Lars
60%
No matching quizzes found
Score Distribution
Percent of People with Each Score
Percentile by Number Answered
Your Score History
You have not taken this quiz